| 000 | 00509nam a22001817a 4500 | ||
|---|---|---|---|
| 003 | OSt | ||
| 005 | 20250620113900.0 | ||
| 008 | 250620b |||||||| |||| 00| 0 eng d | ||
| 020 | _a9789387942103 | ||
| 040 | _cSBCL | ||
| 082 |
_a894.81209 _bUNN-B |
||
| 100 | _aDr.A.M Unnikrishnan | ||
| 245 | _aBalamaniamma Padamagal | ||
| 260 |
_aKottayam _bDC Books _c2018 |
||
| 300 | _a367p. | ||
| 650 |
_2Literature & rhetoric _aLiteratures of other languages _vAltaic, Uralic, Hyperborean & Dravidian |
||
| 942 | _cBOOK | ||
| 999 |
_c137096 _d137096 |
||